100 things you should know about big cats (Record no. 222810)

MARC details
000 -LEADER
fixed length control field 00287nam a2200097Ia 4500
082 ## - DEWEY DECIMAL CLASSIFICATION NUMBER
Classification number J|599.75|DELA
008 - FIXED-LENGTH DATA ELEMENTS--GENERAL INFORMATION
fixed length control field 210817s9999 xx 000 0 und d
100 ## - MAIN ENTRY--PERSONAL NAME
Personal name DE LA BEDOYERE, Camilla Broomall, [c.2011]
245 #0 - TITLE STATEMENT
Title 100 things you should know about big cats
942 ## - ADDED ENTRY ELEMENTS
item type Books
Holdings
Withdrawn status Lost status Damaged status Not for loan Home library Current library Date acquired Cost, normal purchase price Total Checkouts Barcode Date last seen Price effective from item type
        Emthonjeni PL (MMID-PLEMA-EMTH) Emthonjeni PL (MMID-PLEMA-EMTH) 18.08.2021 140.00   33228021902935 18.08.2021 18.08.2021 Books